Statistiques concernant Tous les niveaux de Rayman Origins

Cliquez ici pour prendre le quiz!

Statistiques générales

  • Ce quiz a été pris 2 fois
  • Le résultat moyen est 14 sur 64

Statistiques - réponses

Monde/NiveauRéponse% Correct
Monde 9-BossBoss à dent
100%
Monde 7-BossLe boss sifflera trois fois
100%
Monde 8-1Soupe de dragon
100%
Monde 8-BossVoyage au centre de l'artère
100%
Monde 9Abysse Pétoche
50%
Monde 3-3Chaud devant
50%
Monde 10Cumulo Grincheux
50%
Monde 3-2Dérapage contrôlé
50%
Monde 2Désert des Didgeridoos
50%
Monde 6-5En avant toute
50%
Monde 7Grottes Grognonnantes
50%
Monde 1Jungle à Bafouilles
50%
Monde 8Lacs Exquis
50%
Monde 6-3Le début de la fin
50%
Monde 3-BossMurène en boîte
50%
Monde 4Océan des Songes
50%
Monde 3-1Palais de glace
50%
Monde 6-BossPauvre Pâquerette
50%
Monde 5Pic Mystique
50%
Monde 3-4Service compris
50%
Monde 6Temples Chatouilleux
50%
Monde 3Terre Gourmande
50%
Monde 8-2Tu t'enflammes !
50%
Monde 7-2A bout de souffle
0%
Monde 1-6Air Electoons
0%
Monde 4-BossA l"eau Moskito !
0%
Monde 1-1Attrape-moi si tu peux !
0%
Monde 2-3Autant en emportent les bulles
0%
Monde 5-2Babouins mystiques
0%
Monde 5-1Balade en montagne
0%
Monde 2-4Ballade nocturne
0%
Monde 2-5Ballade pour Electoons
0%
Monde 2-1Bonnes vibrations
0%
Monde 4-4Comme un poisson dans l'eau
0%
Monde 10-6Décroche les étoiles
0%
Monde 6-2Des hauts et des bas
0%
Monde 10-3Des scies démentes
0%
Monde 1-2Geyser explosif
0%
Monde 6-4Grimpette
0%
Monde 1-5Grottes qui ballottent
0%
Monde 7-4Haute tension
0%
Monde 1-BossHé ho, Moskito !
0%
Monde 6-1Hors de mon chemin
0%
Monde 7-1King Gong
0%
Monde 10-5La grande évasion
0%
Dernier niveauLa Lande aux Esprits Frappés
0%
Monde 1-3La voie de la baffe
0%
Monde 5-3La voie des Electoons
0%
Monde 9-1Le crabe qui pince dort
0%
Monde 7-5Les deux font la paire
0%
Monde 2-2Meilleure musique
0%
Monde 9-3Mini-murène, maxi-galère
0%
Monde 2-BossMosquito Presto !
0%
Monde 7-3Ne tirez pas sur le DJ
0%
Monde 9-2Océano Moskito
0%
Monde 4-3Palme farfelue
0%
Monde 4-1Panique au port
0%
Monde 4-2Poisson pourri
0%
Monde 10-4Révélation
0%
Monde 10-2Ronds de fumée
0%
Monde 1-4Sur la vague
0%
Monde 8-3Tuttif Frutti
0%
Monde 5-BossUn amour de golem
0%
Monde 10-1Vas-y, si tu oses !
0%

Distribution des résultats

Percentile par nombre de réponses

% des personnes avec chaque résultat

Votre développement - résultats

Vous n’avez pas pris ce quiz